| 000 | 00570nam a2200193Ia 4500 | ||
|---|---|---|---|
| 008 | 151119s9999||||xx |||||||||||||| ||und|| | ||
| 082 | _a927.8 | ||
| 082 | _bGKKV17802 | ||
| 100 | _aनाईक दीपकळी | ||
| 245 | _aलता वलये आशा लहरी | ||
| 260 | _a-- | ||
| 260 | _b-- | ||
| 260 | _c2000 | ||
| 600 | _aनाईक दीपकळी | ||
| 630 | _aलता वलये आशा लहरी | ||
| 700 | _aनाईक दीपकळी | ||
| 730 | _aलता वलये आशा लहरी | ||
| 942 | _cBOOK | ||
| 999 |
_c1070928 _d1070925 |
||